ბათუმის შოთა რუსთაველის სახელმწიფო უნივერსიტეტის ბიბლიოთეკა

თხზულებანი: ახლად გამოვლენილი ნაწარმოებები. (ბიბ.ჩანაწერი № 41753)

000 -LEADER
fixed length control field 01122nam a2200241Ia 4500
001 - CONTROL NUMBER
control field 8434
003 - CONTROL NUMBER IDENTIFIER
control field GE_BSU
008 - FIXED-LENGTH DATA ELEMENTS--GENERAL INFORMATION
fixed length control field 181216s||||||||xx |||||||||||||| ||und||
040 ## - CATALOGING SOURCE
Transcribing agency GE_BSU
080 ## - UNIVERSAL DECIMAL CLASSIFICATION NUMBER
Universal Decimal Classification number 821.353.1-82
100 ## - MAIN ENTRY--PERSONAL NAME
Personal name ვაჟა-ფშაველა
245 ## - TITLE STATEMENT
Title თხზულებანი: ახლად გამოვლენილი ნაწარმოებები.
245 ## - TITLE STATEMENT
Remainder of title ერთტომეული.
245 ## - TITLE STATEMENT
Statement of responsibility, etc. გამოსაც.მოამზადა, შესავ. წერილი, ვარიანტები, შენიშვნები და კომენტარები დაურთო ლ. ჭრელაშვილმა
250 ## - EDITION STATEMENT
Edition statement თსუ, ვაჟა–ფშაველას კაბინეტი.
260 ## - PUBLICATION, DISTRIBUTION, ETC.
Place of publication, distribution, etc. თბილისი.
260 ## - PUBLICATION, DISTRIBUTION, ETC.
Name of publisher, distributor, etc. სახ. უნ–ტის გამ–ბა.
260 ## - PUBLICATION, DISTRIBUTION, ETC.
Date of publication, distribution, etc. 1979
300 ## - PHYSICAL DESCRIPTION
Extent 260 გვ; 22 სმ.
653 ## - INDEX TERM--UNCONTROLLED
Uncontrolled term ახლად გამოვლენილი ნაწარმოებები.
653 ## - INDEX TERM--UNCONTROLLED
Uncontrolled term თხზულებანი
942 ## - ADDED ENTRY ELEMENTS (KOHA)
Koha item type წიგნი
ეგზემპლარები
Withdrawn status Lost status Damaged status Not for loan Date acquired Barcode Date last seen Price effective from Koha item type
        2018-12-17 30554 2018-12-17 2018-12-17 წიგნი